书目信息 |
| 题名: |
中国画技法教程
|
|
| 作者: | 谢青 编写 | |
| 分册: | ||
| 出版信息: | 天津 天津人民美术出版社 2001 |
|
| 页数: | 48页 | |
| 开本: | 29cm | |
| 丛书名: | 美术课堂丛书 | |
| 单 册: | ||
| 中图分类: | J212 , J21-5 | |
| 科图分类: | ||
| 主题词: | 中国画--技法(美术)--教材 , 中国画 , 技法(美术) | |
| 电子资源: | ||
| ISBN: | 7-5305-1483-0 | |
| 000 | 00837oam2 2200277 450 | |
| 001 | 1535178022 | |
| 005 | 20170927180527.60 | |
| 010 | @a7-5305-1483-0@dCNY20.00 | |
| 100 | @a20010907d2001 em y0chiy0110 ea | |
| 101 | 0 | @achi |
| 102 | @aCN@b120000 | |
| 105 | @aa z 000yy | |
| 200 | 1 | @a中国画技法教程@9zhong guo hua ji fa jiao cheng@f谢青[编写] |
| 210 | @a天津@c天津人民美术出版社@d2001 | |
| 215 | @a48页@d29cm | |
| 225 | 2 | @a美术课堂丛书 |
| 330 | @a本书主要内容包括:中国画的发展概述;中国画的工具材料;中国画的分科;中国画的用笔用墨;白描技法;工笔画技法等。 | |
| 461 | 0 | @12001 @a美术课堂丛书 |
| 606 | 0 | @a中国画@x技法(美术)@j教材 |
| 606 | 0 | @a中国画 |
| 606 | 0 | @a技法(美术) |
| 690 | @aJ212@v5 | |
| 690 | @aJ21-5@v4 | |
| 701 | 0 | @a谢青@9xie qing@4编写 |
| 801 | 0 | @aCN@bTSSF@c20150203 |
| 905 | @aZUCC@dJ21-5@eJY163 | |
| 中国画技法教程/谢青[编写].-天津:天津人民美术出版社,2001 |
| 48页;29cm.-(美术课堂丛书) |
| ISBN 7-5305-1483-0:CNY20.00 |
| 本书主要内容包括:中国画的发展概述;中国画的工具材料;中国画的分科;中国画的用笔用墨;白描技法;工笔画技法等。 |
| ● |
| 相关链接 |
|
|
|
|
正题名:中国画技法教程
索取号:J21-5/JY163
 
预约/预借
| 序号 | 登录号 | 条形码 | 馆藏地/架位号 | 状态 | 备注 |
| 1 | 7865501 | 278655019 | 学院路分馆/ [索取号:J21-5/JY163] | 在馆 |